Clubs d'Arkema Première Ligue (2026-2027) - Statistiques

Statistiques générales
  • Ce quiz a été pris 9 fois
  • Le résultat moyen est 9 sur 12
Statistiques - réponses
Première Ligue % Correct
FC Nantes
100%
OL Lyonnes
100%
Paris Saint-Germain
100%
FC Fleury
89%
Les Marseillaises
89%
Montpellier
89%
Paris FC
89%
RC Strasbourg
78%
Dijon
67%
Toulouse
67%
Le Havre
44%
US Saint-Malo
0%
Aucun quiz correspondant
Distribution des résultats
% des personnes avec chaque résultat
Percentile par nombre de réponses
Votre historique - résultats
Vous n’avez pas pris ce quiz